000 00501nam a2200181Ia 4500
005 20250326124111.0
008 250326s9999 xx 000 0 und d
037 _aTextbook
040 _aFMSL
_beng
_cFMSL
041 _aeng
_2eng
084 _aX:5 K6
_qFMSL
100 _aTravis W P
_9736767
245 0 _aTheory of trade and protection
_cTravis W P
260 _aUnited Kingdom
_bUnited Kingdom, East-West
_c1966
300 _a296p
942 _cTB
_hX:5 K6
999 _c1272279
_d1272279